书目信息 |
| 题名: |
毛泽东与林彪
|
|
| 作者: | 胡哲峰 , 于化民 著 | |
| 分册: | ||
| 出版信息: | 北京 新世界出版社 2013.03 |
|
| 页数: | 386页 | |
| 开本: | 25cm | |
| 丛书名: | 魁文馆 | |
| 单 册: | ||
| 中图分类: | A751 , K827=73 | |
| 科图分类: | ||
| 主题词: | ||
| 电子资源: | ||
| ISBN: | 978-7-5104-3755-7 | |
| 000 | 00957oam2 2200313 450 | |
| 001 | 010050021318 | |
| 005 | 20130504150438.40 | |
| 010 | @a978-7-5104-3755-7@dCNY49.80 | |
| 100 | @a20130107d2013 em y0chiy50 ea | |
| 101 | 0 | @achi |
| 102 | @aCN@b110000 | |
| 105 | @ay z 000yy | |
| 106 | @ar | |
| 200 | 1 | @a毛泽东与林彪@9mao ze dong yu lin biao@f胡哲峰,于化民著 |
| 210 | @a北京@c新世界出版社@d2013.03 | |
| 215 | @a386页@d25cm | |
| 225 | 2 | @a魁文馆 |
| 330 | @a本书共分为三十章,主要内容包括:风云际会井冈山;“留却工作谁承受?”;千回百折赣闽路;从“七大”到“九大”等。 | |
| 461 | 0 | @12001 @a魁文馆 |
| 600 | 0 | @a毛泽东@f(1893-1976)@x传记 |
| 600 | 0 | @a林彪@f(1907-1971)@x传记 |
| 600 | 0 | @a毛泽东@f(1893-1976) |
| 600 | 0 | @a林彪@f(1907-1971) |
| 690 | @aA751@v5 | |
| 690 | @aK827=73@v5 | |
| 701 | 0 | @a胡哲峰@9hu zhe feng@4著 |
| 701 | 0 | @a于化民@9yu hua min@4著 |
| 801 | 0 | @aCN@bRENTIAN@c20130107 |
| 905 | @b542731-35@dA751@e206@f5 | |
| 毛泽东与林彪/胡哲峰,于化民著.-北京:新世界出版社,2013.03 |
| 386页;25cm.-(魁文馆) |
| ISBN 978-7-5104-3755-7:CNY49.80 |
| 本书共分为三十章,主要内容包括:风云际会井冈山;“留却工作谁承受?”;千回百折赣闽路;从“七大”到“九大”等。 |
| ● |
| 相关链接 |
|
|
|
|
正题名:毛泽东与林彪
索取号:A751/206
 
预约/预借
| 序号 | 登录号 | 条形码 | 馆藏地/架位号 | 状态 | 备注 |
| 1 | 542731 | 205427313 | 第一样本阅览室/ [索取号:A751/206] | 在馆 | |
| 2 | 542732 | 205427322 | 第一借阅区/ [索取号:A751/206] | 在馆 | |
| 3 | 542733 | 205427331 | 第一借阅区/ [索取号:A751/206] | 在馆 | |
| 4 | 542734 | 205427340 | 第一借阅区/ [索取号:A751/206] | 在馆 | |
| 5 | 542735 | 205427359 | 第一借阅区/ [索取号:A751/206] | 在馆 |